Management Cases (Record no. 11869)
[ view plain ]
| 000 -LEADER | |
|---|---|
| fixed length control field | 00394nam a22001697a 4500 |
| 003 - CONTROL NUMBER IDENTIFIER | |
| control field | OSt |
| 008 - FIXED-LENGTH DATA ELEMENTS--GENERAL INFORMATION | |
| fixed length control field | 230315b |||||||| |||| 00| 0 eng d |
| 020 ## - INTERNATIONAL STANDARD BOOK NUMBER | |
| International Standard Book Number | 9780061635157 |
| 082 ## - DEWEY DECIMAL CLASSIFICATION NUMBER | |
| Classification number | 658.8 DRM |
| 100 ## - MAIN ENTRY--PERSONAL NAME | |
| Personal name | DRUCKER,Peter F |
| 245 ## - TITLE STATEMENT | |
| Title | Management Cases |
| 250 ## - EDITION STATEMENT | |
| Edition statement | 1st ED |
| 260 ## - PUBLICATION, DISTRIBUTION, ETC. (IMPRINT) | |
| Place of publication, distribution, etc | New York |
| Name of publisher, distributor, etc | Collins Business |
| Date of publication, distribution, etc | 2009 |
| 300 ## - PHYSICAL DESCRIPTION | |
| Extent | 241 |
| 650 ## - SUBJECT ADDED ENTRY--TOPICAL TERM | |
| Topical term or geographic name as entry element | Collins Business |
| 942 ## - ADDED ENTRY ELEMENTS (KOHA) | |
| Source of classification or shelving scheme | Dewey Decimal Classification |
| Koha item type | Text Books |
| Withdrawn status | Lost status | Source of classification or shelving scheme | Damaged status | Not for loan | Collection code | Home library | Current library | Date acquired | Source of acquisition | Currency | Cost, normal purchase price | Bill Number | Total Checkouts | Full call number | Acc. no. / Barcode | Date last seen | Actual Cost, discounted price | Bill Date | Koha item type | Date last borrowed |
|---|---|---|---|---|---|---|---|---|---|---|---|---|---|---|---|---|---|---|---|---|
| Dewey Decimal Classification | MBA | PIET C-LIBRARY | PIET C-LIBRARY | 02/03/2023 | Amazon | IN RUPEES | 540.00 | HR-EKFA-1271137075-2223 | 658.8 DRM | 34656 | 15/03/2023 | 540.00 | 02/03/2023 | Reference Books | ||||||
| Dewey Decimal Classification | MBA | PIET C-LIBRARY | PIET C-LIBRARY | 02/03/2023 | Amazon | IN RUPEES | 540.00 | HR-EKFA-1271137075-2223 | 1 | 658.8 DRM | 34657 | 13/03/2024 | 540.00 | 02/03/2023 | Text Books | 28/02/2024 | ||||
| Dewey Decimal Classification | MBA | PIET C-LIBRARY | PIET C-LIBRARY | 02/03/2023 | Amazon | IN RUPEES | 540.00 | HR-EKFA-1271137075-2223 | 1 | 658.8 DRM | 34658 | 15/07/2025 | 540.00 | 02/03/2023 | Text Books | 31/08/2024 |